Statistics for All Songs from Utopia by Travis Scott

Click here to take the quiz!

General Stats

  • This quiz has been taken 106 times
  • The average score is 15 of 19

Answer Stats

Artists featuredAnswer% Correct
Playboi Carti, Sheck WesFE!N
97%
21 Savage, Rob49Topia Twins
92%
Bad Bunny, The WeekndK-Pop
90%
DrakeMeltdown
90%
Future, SZATelekinesis
88%
Kid CudiLooove
86%
The Weeknd, Swae LeeCircus Maximus
85%
BeyonceDelresto (Echoes)
85%
Sampha, Bon IverMy Eyes
84%
21 Savage, James BlakeTil Further Notice
82%
Teezo TouchdownModern Jam
77%
NoneHyaena
75%
NoneI Know?
74%
Young ThugSkitzo
73%
KayCyyThank God
71%
NoneGod's Country
70%
Yung LeanParasail
70%
NoneSirens
70%
Westside Gunn, James BlakeLost Forever
68%

Score Distribution

Percentile by Number Answered

Percent of People with Each Score

Your Score History

You have not taken this quiz